Văn hóa truyền thống của người La Chí
Giới thiệu văn hóa sản xuất, văn hóa bảo đảm đời sống, văn hóa chuẩn mực xã hội và văn hóa nhận thức.
Uloženo v:
| Hlavní autor: | |
|---|---|
| Médium: | Kniha |
| Jazyk: | Undetermined |
| Vydáno: |
Hà Nội
Hội nhà văn
2018
|
| Témata: | |
| Tagy: |
Přidat tag
Žádné tagy, Buďte první, kdo otaguje tento záznam!
|
| Thư viện lưu trữ: | Trung tâm Học liệu Trường Đại học Cần Thơ |
|---|
| LEADER | 00762nam a2200205Ia 4500 | ||
|---|---|---|---|
| 001 | CTU_228874 | ||
| 008 | 210402s9999 xx 000 0 und d | ||
| 082 | |a 398.09597 | ||
| 082 | |b H523 | ||
| 100 | |a Nguyễn, Văn Huy | ||
| 245 | 0 | |a Văn hóa truyền thống của người La Chí | |
| 245 | 0 | |c Nguyễn Văn Huy | |
| 260 | |a Hà Nội | ||
| 260 | |b Hội nhà văn | ||
| 260 | |c 2018 | ||
| 520 | |a Giới thiệu văn hóa sản xuất, văn hóa bảo đảm đời sống, văn hóa chuẩn mực xã hội và văn hóa nhận thức. | ||
| 650 | |a Văn hóa dân gian,Folklore | ||
| 650 | |z Việt Nam,Vietnam | ||
| 910 | |b nthai | ||
| 980 | |a Trung tâm Học liệu Trường Đại học Cần Thơ | ||